Glossary of conveyor terms and definitions (Record no. 73773)

MARC details
000 -LEADER
fixed length control field 00386nam a2200133Ia 4500
245 #0 - TITLE STATEMENT
Title Glossary of conveyor terms and definitions
260 ## - PUBLICATION, DISTRIBUTION, ETC. (IMPRINT)
Place of publication New Delhi
260 ## - PUBLICATION, DISTRIBUTION, ETC. (IMPRINT)
Year of publication 1967
Name of publisher ISI
490 ## - SERIES STATEMENT
Series statement Conveyors,vertical hoists&bucket elev sec comEDC61
500 ## - GENERAL NOTE
General note Standard number: IS 4249
650 ## - SUBJECT ADDED ENTRY--TOPICAL TERM
Topical Term Conveyor terms glossary
942 ## - ADDED ENTRY ELEMENTS (KOHA)
Koha item type Standards
Holdings
Withdrawn status Lost status Damaged status Not for loan Home library Current library Date acquired Koha item type
      Standards RRII Library RRII Library 31/12/2021 Standards